000 00768nam a22002177a 4500
008 130821s1976 enk gr eng
020 _a052121047X
040 _aCo-BoUCM
_bspa
041 0 0 _aeng
100 1 _aCraib, Ian
_d1945-
_9151411
245 1 0 _aExistentialism and sociology a study of Jean-Paul Sartre
_cIan Craib.
260 _aCambridge (Inglaterra)
_bCambridge University Press
_c[1976]
300 _aviii, 242 páginas
504 _aIncluye referencias bibliográficas e índice.
600 1 0 _aSartre, Jean Paul
_d1905-1980
_xCrítica e interpretación, etc.
_9109142
650 0 4 _aExistencialismo
_915411
650 0 4 _aFilosofía
_975
650 0 4 _aSociología
_9386
942 _cLIBRO
_a2
_e1
_mC886e
_2DEWEY
_h194
999 _c89407
_d89407